|
|
|
|
| LEADER |
01082nam a22002657a 4500 |
| 001 |
34839 |
| 003 |
BD-DhAAL |
| 005 |
20250807145020.0 |
| 008 |
190722r20181990bg ||||| |||| 00| 1 ben d |
| 020 |
|
|
|a 9789844325869
|
| 040 |
|
|
|a BD-DhAAL
|d BD-DhAAL
|
| 041 |
|
|
|a ben
|
| 082 |
|
|
|a 891.44371
|2 23
|
| 100 |
|
|
|a আহমেদ, হুমায়ূন
|9 32996
|
| 245 |
|
|
|a ময়ূরাক্ষী /
|c হুমায়ূন আহমেদ
|
| 246 |
|
|
|a Moyurakkhi
|
| 260 |
|
|
|a ঢাকা :
|b অনন্যা,
|c ১৯৯০ [পঞ্চদশ মুদ্রণ ২০১৮]
|
| 300 |
|
|
|a ৭৪ পৃষ্ঠা ;
|c ২২ সে.মি.
|
| 526 |
|
|
|a Residential Campus
|
| 541 |
|
|
|a Development Book Agency
|e 34839
|
| 650 |
|
|
|a Bengali fiction
|z Bangladesh.
|9 32997
|
| 852 |
|
|
|a Savar Campus Library
|c General Stacks
|
| 942 |
|
|
|2 ddc
|c BK
|
| 999 |
|
|
|c 40922
|d 40922
|
| 952 |
|
|
|0 0
|1 0
|2 ddc
|4 0
|6 891_443710000000000_AHM
|7 0
|9 65686
|a SCL
|b SCL
|c GEN
|d 2019-07-17
|e Development Book Agency
|g 115.00
|l 25
|m 23
|o 891.44371 AHM
|p 3020034839
|r 2025-12-03
|s 2025-11-27
|t 1
|v 115.00
|w 2019-07-17
|y BK
|